00642nam a22002057a 450000500170000001000130001702000100003003500130004003700160005304000120006908200150008110000280009624501020012426000350022627000420026130000240030350000190032765000440034665000460039020170124110212.0 aB-035217 c00.00 aB-035217 bCen Lib/Ret aDPLbEN a320.8bSIV aSivaramakrishnan, K. C. aPower to the peole? :cby K. C. Sivaramakrishnanbthe politics and progress of decentralisation / bKonark PublishersaDelhic2000 bDelhiaA-149, Main Vikas Marge110092 axi,249p. c22cm(Hb) aIncludes index aDecentralization in government -- India aIndia -- Politics and government -- 1947-